00581nam a22001577a 450000500170000001000150001702000260003203500140005803700130007208200130008510000250009824500870012326000540021027001330026430000260039720180412122638.0 aENG-122612 c495.00a9789381952221 aEN-106144 bDBAD/PUB a613.7046 aAgarwal,Suresh Kumar aYoga :cby Suresh Kumar Agarwal [and] Sohan Raj Taterbfor deaf and dumb persons / c2017aJaipurbKhandelwal Publisher $ Distributors a57, Ist Floor,Natani Bhawan.Mishra Rajaji Ka Rastra,Chandpole Bazar,bJaipure302001k011-40004330,9660660333mkpdjpur@gmail.com c22cm(Hb)a143P.bill.